Shopping centre sales (Record no. 117909)

MARC details
000 -LEADER
fixed length control field 01129cam a2200217 4500
001 - CONTROL NUMBER
control field WB@3612-176
008 - FIXED-LENGTH DATA ELEMENTS--GENERAL INFORMATION
fixed length control field 040826n2004 000 0 eng u
035 ## - SYSTEM CONTROL NUMBER
System control number (Sirsi) u127177
245 ## - TITLE STATEMENT
Title Shopping centre sales
260 ## - PUBLICATION, DISTRIBUTION, ETC.
Date of publication, distribution, etc. 2004
490 ## - SERIES STATEMENT
Series statement Construction Mall Press Release
Volume/sequential designation 24 August 2004 (1)
520 ## - SUMMARY, ETC.
Summary, etc. The latest "Shopping centre overview" report has been published by Nelson Bakewell. It shows that despite several interest rate rises, the shopping centre market shows no signs of abating. The first six months of 2004 saw twice as many shopping centres sold in the UK as in the same period last year. By the end of June 2004, 48 centres had changed hands for a total of £2.455bn. Quoted property companies were the biggest sellers as they took advantage of the capital growth seen on their assets purchased over the last three years. http://www.constructionmall.co.uk/press/article/12 055
590 ## - LOCAL NOTE (RLIN)
Local note WB
590 ## - LOCAL NOTE (RLIN)
Local note WB
650 ## - SUBJECT ADDED ENTRY--TOPICAL TERM
Topical term or geographic name entry element SHOPPING CENTRES
650 ## - SUBJECT ADDED ENTRY--TOPICAL TERM
Topical term or geographic name entry element RETAIL PROPERTY
650 ## - SUBJECT ADDED ENTRY--TOPICAL TERM
Topical term or geographic name entry element PROPERTY INVESTMENTS
650 ## - SUBJECT ADDED ENTRY--TOPICAL TERM
Topical term or geographic name entry element TRANSACTIONS
690 ## - LOCAL SUBJECT ADDED ENTRY--TOPICAL TERM (OCLC, RLIN)
Topical term or geographic name as entry element COMMERCIAL PROPERTY-MARKET
942 ## - ADDED ENTRY ELEMENTS (KOHA)
Suppress in OPAC 0
Holdings
Withdrawn status Lost status Source of classification or shelving scheme Damaged status Not for loan Home library Current library Shelving location Date acquired Total Checkouts Full call number Barcode Date last seen Copy number Price effective from Koha item type
    Dewey Decimal Classification     London London News article 26/08/2004   WB4033-07 127177-1001 06/08/2019 1 06/08/2019 News article